[Event "EU-ch 1st"]
[Site "Saint Vincent"]
[Date "2000.07.03"]
[Round "1"]
[White "Galego, Luis"]
[Black "Krasenkow, Michal"]
[Result "0-1"]
[WhiteElo "2419"]
[BlackElo "2702"]
[Annotator "Finkel,A"]
[PlyCount "72"]
[EventDate "2000.07.03"]
[EventType "swiss"]
[EventRounds "11"]
[EventCountry "ITA"]
[SourceTitle "CBM 078"]
[Source "ChessBase"]
[SourceDate "2000.10.18"]
[SourceVersion "1"]
[SourceVersionDate "2000.10.18"]
[SourceQuality "1"]

1. e4 g6 2. h4 $5 c5 (2... d5 $1) 3. h5 Bg7 4. Nc3 Nc6 5. d3 {The game
transformed to closed variation of sicilian defense.} (5. Bb5 $5 Nd4 6. Bc4 a6
7. Nce2 e6 8. Nxd4 cxd4 9. d3 h6 $6 10. hxg6 fxg6 11. Bb3 $14 {Malisauskas,
V-Dzuban,O/Erevan olm 1996}) (5. g3 e6 6. Bg2 Nge7 7. d3 d5 8. f4 b6 9. Nf3 Bb7
10. e5 a6 11. Bd2 $14 {Short,N-Shirov,A/Linares 1995}) 5... e6 (5... d6 6. h6
Bf8 7. Bg5 Be6 8. Nf3 Qb6 9. Nd5 Bxd5 10. exd5 Nd4 $132 {Romero,A-Martinez
Rodriguez,P/Alicante op 1997}) 6. g3 d6 7. Nf3 Nd4 8. Bg2 Ne7 9. Bg5 {Making
black to play h6,which is not so clear if it's good for white or not.I think
that white should have prefered} (9. Be3 Qb6 10. Rb1 Nec6 11. Ne2 (11. a3)
11... Nxf3+ 12. Bxf3 Qa5+ 13. Nc3 Bd7 $13) 9... h6 10. Bd2 (10. Bxe7 Qxe7 11.
hxg6 fxg6 12. Nxd4 cxd4 (12... Bxd4 13. Rb1 Bd7 14. Ne2 Bf6 $13) 13. Ne2 e5 $13
) 10... g5 11. Nxd4 cxd4 12. Ne2 Nc6 13. f4 $6 (13. c3 Qb6 14. Rb1 Bd7 15. O-O
O-O 16. cxd4 Nxd4 17. Bc3 Rac8 18. Kh2 Nxe2 19. Qxe2 $11) 13... gxf4 14. gxf4 (
14. Nxf4 $6 {[%csl Rg5]}) 14... Bd7 15. Ng1 Qb6 16. Qb1 Rc8 $15 {[%cal Gc6b4]}
17. b4 $5 Ne7 18. a4 f5 19. Qb3 fxe4 20. Bxe4 $8 ({Of coarse not} 20. dxe4 Rg8
$1 21. Nh3 d3 22. Ra2 (22. c3 $2 Bxc3 $1 23. Bxc3 Qe3+ $19) 22... Bc3 $1 $19 {
and black is winning.}) 20... d5 21. Bg6+ Kd8 22. O-O-O (22. Nf3 Kc7 23. Rg1
Kb8 24. Qb2 $132 {[%csl Rd4]}) 22... Kc7 $6 (22... Nc6 $5) 23. Nf3 Kb8 24. Ne5
Bxe5 25. fxe5 $13 Be8 $6 26. Rhg1 $2 (26. Bxe8 Rcxe8 (26... Rhxe8 27. Bxh6 Rc3
28. Qb2 Rec8 29. Rh2 Qa6 30. Bg5 Nf5 31. h6 Rxd3 32. Rdh1 $1 $16) 27. Rhg1 Nf5
28. Rg6 Rc8 29. Rf1 $14) 26... Bxg6 27. hxg6 Rhg8 28. Rdf1 (28. Bxh6 Nxg6 29.
Bg5 Rc3 30. Qb2 Qc7 31. Bf6 Rc8 $17) 28... Nf5 $36 29. g7 Rxg7 30. Rxg7 Nxg7
31. Bxh6 Nf5 32. Bd2 (32. Bg5 Ne3 33. Rf2 Rg8 34. Be7 Rg1+ 35. Kd2 Nf5 36. Bf6
a5 $17 {[%csl Rd2]}) 32... Ne3 33. a5 $6 Qb5 34. Bxe3 dxe3 $19 {[%csl Rb3,Re5]}
35. Rf3 (35. Kd1 d4 36. Qxe6 e2+ 37. Kxe2 Rxc2+ $19) 35... d4 36. Qxe6 Qa4 0-1

[Event "ARG-World"]
[Site "Buenos Aires"]
[Date "1994.??.??"]
[Round "7"]
[White "Tempone, Marcelo"]
[Black "Conquest, Stuart"]
[Result "1-0"]
[WhiteElo "2460"]
[BlackElo "2495"]
[Annotator "Ftacnik,L"]
[PlyCount "59"]
[EventDate "1994.04.??"]
[EventType "schev"]
[EventRounds "10"]
[EventCountry "ARG"]
[SourceTitle "CBM 042"]
[Source "ChessBase"]
[SourceDate "1994.10.01"]
[SourceVersion "1"]
[SourceVersionDate "1994.10.01"]
[SourceQuality "1"]

1. e4 g6 2. d4 Bg7 3. Nc3 d6 4. g3 Nc6 5. d5 (5. Nge2 $2 Bg4 6. Kd2 $17) 5...
Nd4 6. Bg2 c5 7. Nce2 f5 8. Nxd4 cxd4 9. Ne2 fxe4 10. Nxd4 $6 (10. Bxe4 $5)
10... Qa5+ 11. c3 Qxd5 12. O-O Nf6 13. f3 O-O 14. fxe4 Qc4 15. Qb3 Qxb3 16.
axb3 Bd7 17. Bd2 a6 18. Rae1 e5 $2 (18... Ng4 $13) 19. Nc2 Be6 20. c4 b5 21.
Ne3 Rac8 22. Bb4 bxc4 23. bxc4 Rfd8 24. Nd5 Nxd5 25. cxd5 Bd7 26. Rc1 Bb5 27.
Bh3 Rb8 28. Rf3 Be2 29. Be6+ Kh8 30. Rf7 1-0

[Event "Douglas IoM op"]
[Site "Douglas"]
[Date "2017.09.24"]
[Round "2"]
[White "Perelshteyn, Eugene"]
[Black "Carlsen, Magnus"]
[Result "0-1"]
[WhiteElo "2524"]
[BlackElo "2827"]
[Annotator "Ftacnik,L"]
[PlyCount "98"]
[EventDate "2017.09.23"]
[EventType "swiss"]
[EventRounds "9"]
[EventCountry "IOM"]
[SourceTitle "CBM 181"]
[Source "ChessBase"]
[SourceDate "2017.11.10"]
[SourceVersion "1"]
[SourceVersionDate "2017.11.10"]
[SourceQuality "1"]

1. d4 g6 2. e4 d6 3. Nc3 Bg7 4. Be3 a6 5. Nf3 b5 6. Bd3 Nd7 7. e5 {Black has
invested lot of time in pawn moves, so White feels entitled to start active
play.} Bb7 (7... e6 8. Bg5 Ne7 9. a4 bxa4 10. exd6 cxd6 11. Rxa4 O-O 12. O-O
Bb7 13. Be4 d5 14. Bd3 f6 15. Bh4 Nf5 16. Qe2 Qb6 17. Bxf5 exf5 18. Bg3 g5 $15
{0-1 (59) Fishbein,A (2465)-Hansen,C (2565) Kerteminde 1991}) (7... dxe5 8. Be4
Rb8 9. dxe5 {/\10.Ba7,10.e6}) (7... Nb6 8. Qe2 (8. O-O Nh6 9. Re1 O-O 10. Qe2
Bb7 11. Rad1 Qc8 12. h3 Nf5 13. Ne4 Nxe3 14. Qxe3 f6 15. exf6 exf6 16. c3 Qd7
17. Qf4 Rae8 18. Ned2 f5 $17 {1/2-1/2 (18) Blomqvist,E (2508)-Hillarp Persson,
T (2541) Gothenburg 2015}) 8... Nh6 9. O-O-O Nf5 10. Bg5 h6 11. Bd2 dxe5 12.
dxe5 c5 13. Be4 Ra7 14. Bf4 Qc7 15. g4 Nd4 16. Nxd4 cxd4 17. Rxd4 Nc4 18. Bd5
Bxe5 19. Bxe5 Nxe5 20. Re4 $16 {0-1 (69) Tkachiev,V (2615)-Spraggett,K (2575)
Ponferrada 1997}) 8. e6 $5 {The pawn sacrifice is controversial, Black will
have to play good moves to minimise White's compensation.} (8. exd6 cxd6 9. O-O
Ngf6 $15) 8... fxe6 9. Ng5 (9. a4 b4 10. Ne4 Ngf6 11. Nfd2 Nxe4 12. Nxe4 Bxe4
13. Bxe4 d5 14. Bf3 c5 15. c3 bxc3 16. bxc3 cxd4 17. cxd4 Qa5+ 18. Kf1 O-O 19.
h4 Nf6 20. h5 Rac8 21. hxg6 hxg6 22. g3 Kf7 $11 {1/2-1/2 (48) Rizouk,A (2489)
-Moskalenko,V (2506) Barcelona 2017}) 9... Nf8 10. O-O (10. Qe2 Bxg2 $17) 10...
Qd7 {Carlsen has probably prepared the line, but it is questionable to claim
that his move is the best solution.} (10... e5 11. dxe5 Bxe5 12. Be4 $11) (
10... Nf6 11. f3 (11. f4 Qd7 12. Qe2 b4 13. Nd1 h6 14. Nf3 Nd5 15. Bd2 c5 16.
dxc5 Qc6 17. cxd6 exd6 18. c4 bxc3 19. Nxc3 Nxc3 20. bxc3 Qc5+ 21. Kh1 $16 {
1-0 (27) Sedlak,N (2564)-Gallagher,J (2530) Turin 2006}) (11. a4 $142 $14 {
Svidler}) 11... h6 (11... Nd5 12. Nxd5 exd5 13. Qe2 Qd7 14. f4 Ne6 15. Nxe6
Qxe6 16. f5 Qd7 17. fxg6 hxg6 18. Bxg6+ Kd8 19. c3 Bf6 20. a4 c6 21. axb5 cxb5
22. Bd2 $16 {0-1 (35) Najer,E (2658)-Malakhov,V (2694) Moscow 2015}) 12. Nge4
Nd5 13. Nxd5 exd5 14. Ng3 e5 15. c3 Qf6 16. f4 e4 17. Be2 Bc8 18. a4 b4 19. f5
gxf5 20. Bg4 h5 21. Bxf5 Bxf5 22. Rxf5 $16 {1-0 (38) Najer,E (2679)
-Mchedlishvili,M (2601) Doha 2016}) (10... Nh6 $1 {[%cal Gh6f5] For some
reason this natural move aas never been tried before, even though the black
knight is perfectly placed on f5 putting pressure on d4 and protecting Black's
kingside.} 11. a4 (11. Re1 Nf5 12. Be4 Bxe4 13. Ncxe4 h6 14. Nf3 Nd7 $15) 11...
b4 12. Ne2 $6 (12. Na2 a5 13. c3 $13 {winning back the pawn or regaining the
c3-square for the knight.}) (12. Nce4 Nf5 13. c3 Qd7 14. g4 h6 15. Nxe6 Qxe6
16. gxf5 Qf7 17. fxg6 Nxg6 18. Qh5 Rg8 19. Ng3 Bf6 20. f4 Kd8 $15 {0-1 (23)
Almiron,A (2307)-Bachmann,A (2610) Asuncion 2015}) 12... Nf5 13. Nf4 Qd7 14.
Qd2 $6 (14. Be4 Bxe4 15. Nxe4 e5 16. dxe5 Bxe5 17. Nd3 Bg7 $13) 14... Bf6 $1 (
14... Bxd4 $6 15. Bxf5 (15. Bxd4 Nxd4 16. Qxb4 c5 $17) 15... Bxe3 16. Bxg6+
hxg6 (16... Nxg6 17. fxe3 Nxf4 18. exf4 O-O-O $17) 17. fxe3 e5 18. Nd5 Nh7 $15)
15. Ne4 Bxd4 16. Bxd4 Nxd4 17. Qxb4 c5 $17 18. Qe1 e5 19. c3 Nfe6 $1 (19...
Nde6 20. Nh3 d5 $2 21. Nd2 e4 22. Bc2 $44 {[%cal Gc3c4,Gf2f3]}) 20. Nh3 (20.
Nxe6 Nxe6 21. Bc4 Nf4 $19 {[%cal Gd6d5,Gd7g4]}) 20... Nf5 21. Nd2 O-O $17 {
1/2-1/2 (81) Agrest,E (2592)-Azmaiparashvili,Z (2672) Gothenburg 2005}) (10...
h6 $2 11. Bxg6+ Nxg6 12. Nxe6 Qd7 13. Nxg7+ Kf7 14. Nh5 Nf6 (14... b4 $5 15.
Nb1 Qb5 16. Nd2 Nf6 17. Nxf6 exf6 $16 {[%csl Gh5]}) 15. Nxf6 exf6 16. Qh5 (16.
f3 $5) 16... Rag8 17. d5 Re8 (17... b4 18. Ne2 Ke7 19. Ng3 Kd8 20. c4 $1 $16)
18. Bd4 Bc8 19. f3 (19. Nd1 Re4 20. c3 Rh4 21. Qf3 Ne5 22. Bxe5 dxe5 23. Ne3
$16) 19... Qf5 20. Qxf5 Bxf5 $14 {1-0 (32) Svidler,P (2738)-McNab,C (2451)
Gothenburg 2005}) 11. Re1 Nf6 {The knight might be better positioned on h6 as
from f5 it will be more active.} (11... Nh6 12. Nce4 (12. a4 b4 13. Nce4 Nf5
14. Qf3 Rb8 (14... Bd5 15. c4 Bc6 16. d5 exd5 17. cxd5 Bb7 18. Ne6 Nxe6 19.
dxe6 Qxe6 20. Ng5 Bxf3 21. Nxe6 Nxe3 22. Rxe3 $16) 15. c3 h6 16. Nh3 $44 {
Waitzkin,J-Burnett,R/Agency 1998}) (12. Be4 Bxe4 13. Ncxe4 Nf5 14. a4 $14)
12... Nf5 13. c3 h6 14. Nf3 g5 15. a4 bxa4 16. Rxa4 Ng6 17. Qb3 O-O $36 {
Duer,W-Horvath,J/AUT-chT9798}) 12. a4 {Attacking Black at the moment of stress
is a very attractive idea as the defender's pieces are not well coordinated.} (
12. Bd2 h6 {[%csl Rg6]} 13. Nf3 (13. Nge4 Nxe4 14. Bxe4 d5 15. Bf3 Bxd4 $17)
13... Rb8 (13... g5 14. a4 (14. Qe2 Kf7 15. a4 c6 16. Ne4 Nxe4 17. Bxe4 Bf6 18.
Ra3 Rg8 19. Ne5+ dxe5 20. dxe5 Bxe5 21. Qh5+ Ng6 22. Rd3 $16 {0-1 (32) Kovalev,
A (2533)-Shoker,S (2448) Vienna 2009}) (14. h3 Rg8 15. a4 b4 16. Ne4 Nxe4 17.
Bxe4 Bxe4 18. Rxe4 Qc6 19. Qe2 a5 20. c3 bxc3 21. bxc3 Bf6 22. c4 $14 {1-0 (34)
Magem Badals,J (2545)-Movsziszian,K (2483) Catalunya 2012}) 14... b4 15. Ne4 g4
(15... Nxe4 16. Bxe4 Bxe4 17. Rxe4 a5 (17... Qc6 18. Qe2 Rb8 19. c3 bxc3 20.
bxc3 Bf6 21. c4 Rb2 22. Re1 Qxa4 23. d5 e5 $16 {0-1 (32) Levin,F (2535)-Rausis,
I (2500) Hamburg 2001}) 18. c3 Qc6 19. Qc2 bxc3 20. bxc3 Bf6 21. Rb1 Rg8 22.
Rb5 $16 {1-0 (29) Yudasin,L (2540)-Kantsler,B (2535) Israel 1998}) 16. Nh4) (
13... Rc8 $5 14. a4 b4 15. Ne4 Nxe4 16. Bxe4 Bxe4 17. Rxe4 a5 18. c3 c5 19. Qe1
$6 (19. dxc5 dxc5 20. Qe2) 19... cxd4 20. cxb4 $6 (20. cxd4) 20... e5 $1 21. b5
$6 (21. bxa5 Ne6 22. b4 O-O) 21... Ne6 $17 {0-1 (36) Magomedov,M (2604)-Urban,
K (2463) Koszalin 1999}) 14. a4 (14. Qe2 Kf7 15. a4 b4 16. Nd1 a5 17. Ne3 Bd5
18. c3 g5 19. h3 Bxf3 20. Qxf3 h5 21. Qe2 Bh6 22. Nc4 bxc3 23. bxc3 $16 {
1-0 (35) Fressinet,L (2677)-Buchal,S (2338) Helsingor 2016}) 14... b4 15. Ne4
Nxe4 16. Bxe4 Bxe4 17. Rxe4 Qc6 $5 18. Re3 Qc4 (18... Qd5 {Yudasin,L} 19. c3 b3
20. Qe2) (18... g5 19. c3 bxc3 20. Bxc3 Qd5 21. Qd3 a5 22. Nd2 {/\Nc4-a5,/\Nc4,
Rf3,Ne3}) 19. c3 (19. b3 $6 Qd5) (19. Rb3 Nd7 20. c3 O-O 21. cxb4 c6 $13) 19...
b3 20. Re1 $11 {[%csl Rb3][%cal Yd2e3,Yf3d2,Ya1a3] 1-0 (42) Anand,V (2770)
-Svidler,P (2690) Linares 1998}) (12. Qe2 h6 13. Nge4 $11) (12. f3 h6 13. Nh3
b4 14. Ne2 g5 15. Ng3 Rg8 16. a3 Nd5 17. Bf2 a5 18. c4 bxc3 19. bxc3 Ba6 20. c4
Nf6 21. Rb1 Bh8 22. Rb2 $16 {1-0 (40) Spraggett,K (2526)-Vassallo Barroche,M 
(2440) Maia 2003}) 12... b4 13. Na2 (13. Nce4 h6 14. Nxf6+ exf6 $13) 13... Qxa4
(13... h6 14. Nf3 a5 15. Bd2 g5 16. c3 $14) 14. Qe2 h6 $2 {Carlsen is
concerned about the active knight on g5, but instead of this passive move the
champion had to find the active idea 14....c5!} (14... c5 $1 15. dxc5 Qc6 16.
Nf3 (16. f3 dxc5 17. Bf4 Qb6 18. Bc4 Bd5 19. Bxd5 Nxd5 $15) 16... dxc5 17. c3
N8d7 18. cxb4 Ne5 19. b5 Nxf3+ 20. gxf3 Qxf3 21. Qxf3 Bxf3 22. bxa6 Nd5 $15)
15. Nf3 Kf7 (15... Nd5 16. Bd2 $16) 16. Bd2 b3 17. Nc3 ({Perelshteyn could
have postponed the win of the b-pawn and preserved a sounder pawn structure
with} 17. Nb4 Qd7 18. c3 Nd5 19. Nxd5 exd5 20. Qd1 c5 21. dxc5 dxc5 22. c4 $16)
17... Qd7 18. cxb3 Rb8 (18... g5 19. h3 Nd5 20. Be4 $14) 19. Ra3 Nd5 {Black
has to be inventive to turn the tables in the difficult position. It would
have been nice to get counterplay.} (19... Kg8 20. h3 Rh7 21. Bxa6 Bxa6 22.
Qxa6 g5 23. Qc4 $16) 20. Ne4 (20. Nxd5 exd5 21. h3 $14) 20... Kg8 21. h4 Qe8
22. Bxa6 Bxa6 23. Qxa6 Bf6 $2 {For better or worse Black should have tried the
proactive 23...g5!} (23... g5 $1 24. hxg5 hxg5 25. Bxg5 Bh6 $14) 24. Qc4 Nd7
25. Nc3 (25. b4 N7b6 26. Qe2 Rh7 27. Rc1 $16) 25... N7b6 26. Qe2 Qf7 27. Ne4 (
27. Qxe6 Qxe6 28. Rxe6 Kf7 $11) 27... Rf8 (27... Nd7 28. b4 Rh7 29. Rea1 $16)
28. Nxf6+ $2 {The nerves have worked against the US player, it was much better
to keep the tension and not take the pawn on e6 yet.} (28. b4 $5 Rh7 29. Ra7
$16) 28... exf6 29. Qxe6 Qxe6 30. Rxe6 Kf7 31. Re1 Rb8 32. Rc1 Nc8 33. Ne1 {
White has lost all the advantage despite the extra pawn on the b-file.} (33. b4
Nce7 34. Ne1 Nxb4 35. Rxc7 Nbd5 36. Rc2 g5 $11) 33... Nce7 34. Nd3 g5 35. hxg5
(35. b4 $5 gxh4 36. f3 Rhg8 37. Kh2 $11) 35... hxg5 36. b4 Rh4 37. Bc3 $6 {
Step by step White's ship has started to sink. It was time to think about
damage limitation as now Carlsen manages to ccordinate all his pieces
perfectly.} (37. f3 Nf5 38. Be1 Nxd4 39. Bxh4 Ne2+ 40. Kf2 Nxc1 41. Nxc1 gxh4
$15) 37... Rbh8 38. g3 (38. f3 Nf4 39. Nxf4 Rh1+ 40. Kf2 Rxc1 $19) 38... Rh1+
39. Kg2 R8h2+ 40. Kf3 g4+ $1 41. Kxg4 (41. Ke2 Nf5 42. Re1 Nxg3+ 43. Kd1 Ne4
$19) 41... Rxc1 42. Nxc1 Rxf2 43. Be1 {White's king feels very lonely on g4,
the position is extremely dangerous for him.} (43. Kh3 Nf5 44. Be1 Rxb2 $17)
43... f5+ 44. Kh3 (44. Kh4 Rh2+ 45. Kg5 Nf6 46. Kf4 Ned5+ 47. Kf3 Ne4 $19)
44... Rxb2 (44... Rc2 45. Nd3 Nf6 46. Bf2 Ne4 47. Kg2 Nxf2 48. Nxf2 Rxb2 $17)
45. Nd3 Rc2 46. b5 Nf6 47. Rb3 Re2 (47... Ned5 48. Rb2 Rc4 49. Bf2 Ra4 $17) 48.
b6 $2 {Every chessplayer knows the situation of playing under pressure. No
wonder White could not bear it and cracks against the world champion.} (48. Ba5
Ned5 49. Nf4 Nxf4+ 50. gxf4 Nd5 51. Kg3 Ra2 52. b6 cxb6 53. Bxb6 Ke7 $17) 48...
cxb6 49. Rxb6 Ne4 (49... Ne4 50. Rb2 (50. Rb7 Ng5+ 51. Kh4 Nf3+ 52. Kh3 Rh2#)
50... Ng5+ 51. Kh4 Nf3+ 52. Kh3 Rxb2 53. Nxb2 Nxe1 $19) 0-1

[Event "Gibraltar Masters 16th"]
[Site "Caleta"]
[Date "2018.01.23"]
[Round "1"]
[White "Quillan, Gary"]
[Black "Dubov, Daniil"]
[Result "1-0"]
[WhiteElo "2340"]
[BlackElo "2694"]
[Annotator "Ftacnik,L"]
[PlyCount "61"]
[EventDate "2018.01.23"]
[EventType "swiss"]
[EventRounds "10"]
[EventCountry "GGB"]
[SourceTitle "CBM 183"]
[Source "ChessBase"]
[SourceDate "2018.03.14"]
[SourceVersion "1"]
[SourceVersionDate "2018.03.14"]
[SourceQuality "1"]

1. e4 g6 2. d4 Bg7 3. f4 d6 4. Nf3 Bg4 {This is not a variation that strong
players would try often. Dubov is very unconventional player and believes,
that he can outsmart his lesser opponent on the unknown territory.} 5. c3 Nd7
6. Bc4 e6 7. O-O (7. h3 Bxf3 8. Qxf3 Nb6 (8... c6 9. f5 exf5 10. O-O d5 11.
exd5 cxd5 12. Qxd5 Qe7 13. Qxb7 Rb8 14. Qxa7 Ngf6 15. Bf4 O-O 16. Nd2 Ra8 17.
Qb7 Nh5 18. Rae1 $18 {1-0 (30) Pym,T (2099)-Dignam,M (2194) Douglas 2005}) 9.
Bd3 d5 10. e5 Bf8 11. Be3 h5 12. g3 Qd7 13. Nd2 c5 14. dxc5 Na4 15. b4 Nxc3 16.
O-O Qa4 17. a3 a5 18. Rfc1 axb4 19. Qf1 Ra5 20. axb4 $18 {1-0 (22) Matic,Z 
(2176)-Jurkovic,A (2339) Zagreb 2006}) (7. Be3 Ngf6 8. Nbd2 d5 9. Bd3 dxe4 10.
Nxe4 Nd5 11. Bd2 Qe7 12. h3 Bxf3 13. Qxf3 O-O 14. h4 c5 15. Nxc5 Nxc5 16. dxc5
Qxc5 17. h5 Rfd8 18. hxg6 hxg6 19. g4 Rac8 20. Kf1 Rd6 21. Re1 Rcd8 22. Bb1
Qb5+ 23. Kg1 Qxb2 {0-1 (23) Schlechter,C-Pillsbury,H Monte Carlo 1903}) (7. f5
exf5 8. Qb3 Qe7 9. Ng5 fxe4 10. Nxf7 Kf8 11. Nxh8 Bxh8 12. Bxg8 Nf6 13. O-O $18
{1-0 (45) Raedisch,P-Rossbach,M Kiel 2000}) 7... Ne7 (7... Nb6 8. Bd3 d5 9. e5
Ne7 10. a4 a5 11. Na3 Qd7 12. b3 O-O 13. Nc2 Rac8 14. Ne3 Bxf3 15. Rxf3 c5 16.
Bb5 Qd8 17. Bd2 cxd4 18. cxd4 Na8 19. Qe1 b6 20. Ba6 Rc7 21. b4 Nc6 22. bxa5
Nxd4 $11 {1-0 (90) Vucko,J (2187)-Babits,A (2270) Hungary 2005}) (7... c6 8.
Nbd2 (8. f5 gxf5 9. h3 fxe4 10. hxg4 exf3 11. Qxf3 Qe7 12. b4 d5 13. Bb3 f6 14.
b5 h5 15. bxc6 bxc6 16. g5 f5 17. Qf4 Nf8 18. Ba3 Qd7 19. Re1 Ne7 20. Nd2 $16 {
1/2-1/2 (39) Novak,I-Trapl,J Harrachov 1966}) 8... Qc7 9. b4 Ngf6 10. Bd3 Nh5
11. Nb3 Nxf4 12. Bxf4 O-O 13. Qe1 e5 14. dxe5 Bxf3 15. Rxf3 Nxe5 16. Rh3 Nxd3
17. Qh4 h5 18. Rxd3 $18 {1-0 (44) Rodriguez Dorado,V-Gomez Velasco,J
Valladolid 1997}) 8. Qe1 (8. h3 Bxf3 9. Qxf3 O-O 10. e5 (10. f5 exf5 11. Bg5
Kh8 12. Bxe7 Qxe7 13. exf5 c6 14. Nd2 Rae8 15. Rf2 d5 16. Bd3 Qe3 17. Nf1 Qxf3
18. Rxf3 Bh6 19. Ng3 Re7 $15 {1/2-1/2 (55) Levi,E (2215)-Ker,A (2300)
Melbourne 1989}) 10... d5 11. Bd3 c5 12. Be3 Qb6 13. Qf2 c4 14. Be2 Qxb2 15.
Nd2 Qxc3 16. Nf3 Qa5 17. g4 f6 18. Qh4 g5 19. Qh5 gxf4 20. Bxf4 Ng6 $19 {
0-1 (24) Metz,H-Zysk,R (2400) Baden-Baden 1987}) (8. Be3 O-O 9. Nbd2 c5 10. h3
cxd4 11. cxd4 Bxf3 12. Qxf3 Nb6 13. Bb3 d5 14. e5 Qd7 15. Rfc1 Rfc8 16. Rc5
Rxc5 17. dxc5 Na4 18. Bxa4 Qxa4 $15 {0-1 (52) Bonnaire,R-Zunker,R (2165) Bad
Wildungen 1998}) (8. Bb3 O-O 9. Be3 d5 10. e5 Nf5 11. Bf2 f6 12. Nbd2 Bh6 13.
g3 fxe5 14. dxe5 g5 15. c4 c6 16. cxd5 cxd5 17. fxg5 Bxg5 18. Nxg5 Qxg5 19. Nf3
Qh5 20. Bxd5 exd5 21. Qxd5+ Kh8 $19 {0-1 (55) Ponizil,C (2478)-Petenyi,T (2454)
Czech Republic 2017}) 8... O-O 9. Bb3 {The first part of the opening phase is
over and Black must be especially careful about his potentially stranded
bishop on g4.} (9. Nbd2 c5 10. Bb3 cxd4 11. Nxd4 Nc5 12. Bc2 e5 $11) 9... Bxf3
10. Rxf3 c5 11. Be3 cxd4 12. cxd4 {Trading the bishops on d4 might have some
merit, but White would be practically forced to sacrifice the pawn.} (12. Bxd4
Bxd4+ 13. cxd4 Qb6 14. Kh1 Qxd4 15. Nc3 $44) 12... Nf6 13. Nc3 Ng4 14. Rd1 Qb6
(14... d5 15. e5 Nxe3 16. Qxe3 Rc8 $11) 15. Na4 {The fight is obviously
concentrated around the d4-pawn. Quillan does not like the black queen
interfering on the a7-g1 diagonal.} (15. Bf2 Nc6 16. e5 Nxf2 17. Qxf2 $11)
15... Qa6 (15... Qc7 16. Bc1 b5 17. Nc3 b4 18. Na4 Nf6 $11) 16. Bc1 b5 (16...
Nc6 17. e5 Rad8 18. h3 Nh6 $11) 17. Nc3 Qb6 $2 {Dubov has failed to notice the
very clever answer of his opponent, the position was still equal.} (17... b4
18. Ne2 Qb7 19. e5 Nh6 $11) 18. Qh4 $1 Nf6 {The shock must have been very
unpleasant. The attack against the d4-pawn loses its merit and the black
pieces are scrambling to get coordinated again.} (18... h5 $5 19. Qxe7 Bf6 20.
Qd7 a6 21. Bxe6 Bxd4+ (21... Rad8 22. Bxg4 $16) 22. Kh1 Nf6 23. Bxf7+ Rxf7 24.
Qh3 Bxc3 25. Be3 Qc6 26. bxc3 $16) (18... Bxd4+ 19. Kh1 Nf2+ 20. Rxf2 Bxf2 21.
Qxe7 b4 22. Na4 Qd8 23. Qg5 $1 $16) 19. g4 $1 Qb7 20. Rh3 h5 $2 {Defence in
chess is an art that very few top players have mastered properly. The radical
move with the h-pawn is objectively bad, but it must be admitted that Dubov
was under intense pressure.} (20... h6 $1 21. e5 dxe5 22. dxe5 Nh7 23. f5 gxf5
24. Bxh6 Ng6 25. Qh5 fxg4 26. Qxg4 $16) 21. gxh5 Nxh5 22. f5 $1 {[%mdl 128]}
exf5 (22... d5 23. Bg5 Nc6 24. f6 Bh8 25. exd5 $18) 23. exf5 (23. Bg5 Rae8 24.
Bxe7 Qxe7 25. Qxe7 Rxe7 26. exf5 Kh7 27. Nxb5 $16) 23... Nxf5 24. Qg5 {A fine
move that hints at the numerous problems Black is experiencing with his pieces.
The knights on f5 and h5 are vulnerable, but it is the soft g6-pawn that
causes the catastrophe of the black position.} Ne7 (24... d5 25. Rxh5 Rac8 26.
Nxd5 $18) 25. Rxh5 $1 gxh5 26. Rd2 d5 {Completely desperate attempt to close
the diagonal a2-g8 as it prevents Black from even dreaming about a sufficient
defence.} (26... Qb6 27. Qxe7 Qd8 28. Qxd8 Raxd8 29. Nxb5 $18) (26... Qf3 27.
Rg2 Nf5 28. Bd5 Qd3 29. Be4 Qxd4+ 30. Kh1 Ne7 31. Bxa8 $18) 27. Nxd5 Rfe8 (
27... Rfc8 28. Nxe7+ Kf8 29. Ng6+ Kg8 30. Rg2 $18) 28. Rg2 {White was very
efficient in opening up the kingside, the defender can only choose the form of
honourable undoing.} Ng6 (28... Nf5 29. Qxf5 Re1+ 30. Kf2 Rxc1 31. Qf6 $18) 29.
Nf6+ Kf8 (29... Bxf6 30. Qxg6+ $18) 30. Nh7+ Kg8 31. Qxg6 1-0

[Event "Match/Nation FRA-BUL 31-41"]
[Site "St Maxime"]
[Date "1984.10.??"]
[Round "10"]
[White "Padevsky, Nikola Bochev"]
[Black "Haik, Aldo"]
[Result "0-1"]
[WhiteElo "2460"]
[BlackElo "2425"]
[Annotator "Giffard,N"]
[PlyCount "82"]
[EventDate "1984.10.10"]
[EventType "team-schev"]
[EventRounds "12"]
[EventCountry "FRA"]
[SourceTitle "EXT 2018"]
[Source "ChessBase"]
[SourceDate "2017.10.13"]
[SourceVersion "1"]
[SourceVersionDate "2017.10.13"]
[SourceQuality "1"]
[WhiteTeam "Bulgaria"]
[BlackTeam "France"]
[WhiteTeamCountry "BUL"]
[BlackTeamCountry "FRA"]

1. d4 {[%emt 2:30:00]} g6 {[%emt 2:30:00]} 2. e4 Bg7 3. Bc4 e6 4. Bb3 b5 $146 {
[%emt 2:27:00]} (4... d5 5. e5 Ne7 6. Ne2 c5 7. c3 Nbc6 8. O-O O-O 9. Nd2 cxd4
10. cxd4 Bd7 11. f4 Na5 12. Nf3 Nxb3 13. Qxb3 Qb6 14. Qxb6 axb6 15. Bd2 Bb5 16.
Rfe1 Bxe2 17. Rxe2 Rfc8 18. Bc3 h5 19. g3 Nc6 20. a3 Na5 21. Nd2 Nc4 22. Nxc4
Rxc4 23. Kf2 Bf8 24. Ke3 b5 25. Rc1 b4 26. axb4 Bxb4 27. Rec2 Be7 28. Kd3 Kf8
29. Bd2 b5 30. b3 Ra3 31. Rc3 Rxc3+ 32. Rxc3 Ke8 33. Rc8+ Kd7 34. Rb8 {Kayser,
E-Spaan,H Alkmaar 1983 1/2-1/2}) 5. Nf3 Bb7 6. Qe2 Ne7 7. Nbd2 a6 8. a4 Nbc6 9.
c3 O-O 10. O-O f5 11. Re1 Na5 12. Bc2 b4 13. e5 $6 (13. d5) 13... c5 14. dxc5
bxc3 15. bxc3 Nd5 16. Nb1 Rc8 17. Ra2 Rxc5 18. Ba3 Rxc3 19. Bxf8 Bxf8 20. Bd1
Bb4 21. Rb2 Rc1 22. Nbd2 Qc7 23. Qd3 Rc3 24. Qd4 Bc5 25. Qh4 Kg7 26. Qg3 Nb4
27. Qh4 Nd5 28. Qg3 Be7 29. Be2 Ra3 30. Bd1 Nb4 31. Rf1 Bd5 32. Rxb4 Bxb4 33.
Qh4 Bxd2 34. Qf6+ Kg8 35. Nxd2 Nc6 36. Re1 Ra2 37. Nf1 Qb6 38. Ne3 Qb2 39. Re2
Qa1 40. Rxa2 Bxa2 41. Kf1 Qxe5 0-1